Zeitschrift für das gesamte Kreditwesen

Enregistré dans:
Détails bibliographiques
Format: Publication en série
Langue:allemand
Publié: Frankfurt am Main Knapp 1983
Sujets:
Tags: Ajouter un tag
Pas de tags, Soyez le premier à ajouter un tag!

MARC

LEADER 00000nas2a2200000 4500
001 s121692
005 20250730114208.0
041 0 |a ger 
044 |a DE 
245 1 0 |a Zeitschrift für das gesamte Kreditwesen 
264 1 |a Frankfurt am Main  |b Knapp  |c 1983 
300 |a 1 zv. 
773 0 |w eu_un_cat*s120296 
610 2 0 |a úver 
610 2 0 |a úverovanie 
610 2 0 |a politika úverová